000 00594nam a22001937a 4500
005 20251108173237.0
008 250721s2004 xx 000 0 ara d
082 1 4 _a398.21/ هوك
100 1 _aهوك، صموئيل هنري
245 1 0 _aمنعطف المخيلة البشرية بحث في الأساطير /
250 _aط3.
264 1 _aاللاذقية :
_bدار الحوار للنشر و التوزيع،
_c2004.
300 _a224ص.
650 1 7 _aالأساطير
650 1 7 _aالقصص
700 1 _aحديدي، صبحي
_etran.
942 _2ddc
_cBK
999 _c99395
_d99395